Využitie neštandardných kancelárskych aplikácií v podniku
Microsoft Office už nie je len kombináciou MS Word, MS Excel alebo MS PowerPoint, ale ponúka oveľa viac. Niekoľko neštandardných aplikácií, ktoré sú súčasťou balíku Office 365, a mohli by byť užitočné v podnikaní.
Salvato in:
| Autore principale: | |
|---|---|
| Altri autori: | |
| Natura: | Capitolo di libro |
| Lingua: | slovacco |
| Soggetti: | |
| Tags: |
Nessun Tag, puoi essere il primo ad aggiungerne!!
|
MARC
| LEADER | 00000naa$a2200000$$$4500 | ||
|---|---|---|---|
| 001 | 0281159 | ||
| 005 | 20240521124105.3 | ||
| 041 | 0 | |a slo | |
| 044 | |a SK | ||
| 245 | 1 | 0 | |a Využitie neštandardných kancelárskych aplikácií v podniku |c Peter Zahradník, Anita Romanová |
| 520 | |a Microsoft Office už nie je len kombináciou MS Word, MS Excel alebo MS PowerPoint, ale ponúka oveľa viac. Niekoľko neštandardných aplikácií, ktoré sú súčasťou balíku Office 365, a mohli by byť užitočné v podnikaní. | ||
| 610 | 2 | 0 | |a aplikácie mobilné |
| 610 | 2 | 0 | |a podnikanie |
| 610 | 2 | 0 | |a cloud computing |
| 610 | 2 | 0 | |a programy počítačové |
| 100 | 1 | |a Zahradník, Peter, 1995- | |
| 700 | 1 | |a Romanová, Anita, 1973- | |